Normal view
MARC view
Entry Personal Name
001 - CONTROL NUMBER
- control field: 9665
003 - CONTROL NUMBER IDENTIFIER
- control field: ARRUPE
005 - DATE AND TIME OF LATEST TRANSACTION
- control field: 20140402113037.0
008 - FIXED-LENGTH DATA ELEMENTS
- fixed length control field: 140402|| aca||aabn | a|a d
040 ## - CATALOGING SOURCE
- Original cataloging agency: ARRUPE
- Transcribing agency: ARRUPE
100 ## - HEADING--PERSONAL NAME
- Personal name: Beit, Alfred,
- Dates associated with a name: 1853-1906.
670 ## - SOURCE DATA FOUND
- Source citation: Work cat.: (ARRUPE)0: Fort, George Seymour, 1858- 9664, Alfred Beit,, 1932.